000 00718nam a2200205 4500
999 _c371983
_d371983
008 201207b ||||| |||| 00| 0 eng d
040 _bger
_cDE-2950
_erda
_aDE-2950
041 _ager
100 _aSpode, Hasso:
245 _aDie schöne Wildniß - Wie die Mark Brandenburg ein Touristenziel wurde.
_cHasso Spode
264 _c2022
490 _aDie Mark Brandenburg
_vHeft 124: Geschichten vom Reisen in Brandenburg. 2022
653 _aBrandenburg <Land>
653 _aTourismus
773 _dBerlin: Die Mark Brandenburg - Verlag für Regional- und Zeitgeschichte
_g(2022) Heft 124, S. 2-7 : Abb.
_tDie Mark Brandenburg
942 _cA